Normal view
MARC view
- درة، عبدالباري ابراهيم ،م.مشارك موسى توفيق المدهون، م.مشارك ابراهيم محمد علي الجزراوي
Entry Personal Name
001 - CONTROL NUMBER
- control field: 57155
003 - CONTROL NUMBER IDENTIFIER
- control field: JO-AjAnu
005 - DATE AND TIME OF LATEST TRANSACTION
- control field: 20230606083348.0
008 - FIXED-LENGTH DATA ELEMENTS
- fixed length control field: 230606|| aca||aabn | a|a d
040 ## - CATALOGING SOURCE
- Original cataloging agency: JO-AjAnu
- Transcribing agency: JO-AjAnu
100 ## - HEADING--PERSONAL NAME
- Personal name: درة، عبدالباري ابراهيم ،م.مشارك موسى توفيق المدهون، م.مشارك ابراهيم محمد علي الجزراوي
670 ## - SOURCE DATA FOUND
- Source citation: Work cat.: (JO-AjAnu)29163: درة، عبدالباري ابراهيم ،م.مشارك موسى توفيق المدهون، م.مشارك ابراهيم محمد علي الجزراوي, author, الادارة الحديثة: منهج علمي تحليلي: العمليات الادارية المتعاقبة والمستمرة